000 00352nam a2200169Ia 4500
001 6412
005 20250626030059.0
008 211022s9999 xx 000 0 und d
082 _a916.762 REU
100 _aReuben, Joel
245 0 _aKenya in picture
260 _a
260 _bSterling Publishing
260 _c1960
300 _a
942 _cBK
999 _c6149
_d6149